| 000 | 00736nab a2200253 a 4500 | ||
|---|---|---|---|
| 005 | 20210219161101.0 | ||
| 008 | 991125s1985 mx 000 0 spa u | ||
| 035 | _aUPN01000178523 | ||
| 100 | 1 | _aCastro, Encarnación | |
| 222 | _aUNO : | ||
| 222 | _bREVISTA DE DIDACTICA DE LAS MATEMATICAS | ||
| 245 | _aEl razonamiento inductivo como generador de conocimiento matemático | ||
| 260 | _aBarcelona, España | ||
| 300 | _a55-67 | ||
| 362 | 0 | _a2010 Año 17, no. 54, abr.-jun. | |
| 653 | 0 | _aRAZONAMIENTO INDUCTIVO | |
| 653 | 0 | _aCONOCIMIENTO MATEMATICO | |
| 653 | 0 | _aEDUCACION MATEMATICA | |
| 700 | 1 | _aCañadas, María Consuelo, | |
| 700 | 1 | _ecoaut. | |
| 700 | 1 | _aMolina, Marta, | |
| 700 | 1 | _ecoaut. | |
| 905 | _aArticulo | ||
| 999 |
_c150626 _d150626 |
||